| 000 | 00771cam a2200241 i 4500 | ||
|---|---|---|---|
| 001 | 17689600 | ||
| 005 | 20170105102352.0 | ||
| 008 | 130408s2012 ne a b 001 0 eng | ||
| 010 | _a 2012554017 | ||
| 020 | _a9780123865335 | ||
| 040 |
_aDLC _beng _cDLC _erda |
||
| 042 | _apcc | ||
| 050 | 0 | 0 |
_aTK7868.P6 _bM357 2012 |
| 100 | 1 | _aManiktala, Sanjaya. | |
| 245 | 1 | 0 |
_aSwitching power supplies A to Z _cSanjaya Maniktala. |
| 250 | _aSecond edition. | ||
| 300 |
_axx, 748 pages : _billustrations ; _c24 cm |
||
| 504 | _aIncludes bibliographical references (pages 721-722) and index. | ||
| 650 | 0 | _aSwitching power supplies. | |
| 906 |
_a7 _bcbc _corigcop _d2 _encip _f20 _gy-gencatlg |
||
| 942 |
_2ddc _cBK |
||
| 999 |
_c11979 _d11979 |
||